000 00737nam a2200241Ia 4500
003 OSt
005 20220926014409.0
006 a|||||r|||| 00| 0
007 ta
008 220923b |||||||| |||| 00| 0 eng d
037 _cGeneral Book
040 _aRTL
_cRTL
_beng
041 _2eng
_aeng
082 _aX90gF, K8
100 _aWalker Charles R
_9250688
245 0 _aTechnology, industry, and man
_b The age of acceler
260 _aNew York
_bMcGraw Hill U.S.A.
_c1968
300 _a362p. Epilogue p 338-50
_ccm.
500 _aPublished previously as Modern technology and civilization
650 _aEconomics-Industry
942 _hX90gF, K8
_cGB
_2CC
999 _c628955
_d628955